Tu shu guan xue lun cong /

Saved in:
நூற்பட்டியல் விவரங்கள்
தலைமை எழுத்தாளர்: Wang, Zhen'gu.
வடிவம்: புத்தகம்
மொழி:Chinese
வெளியீடப்பட்டது: Taibei Shi : Taiwan xue sheng shu ju, Min guo 73 [1984]
பதிப்பு:Chu ban.
தொகுதி:Tu shu guan xue yu zi xun ke xue cong shu.
பகுதிகள்:
குறியீடுகள்: குறிச்சொல் இணை
குறியீடுகள் இல்லை, இந்த குறிச்சொல்லை முதலில் பதிவு செய்யுங்கள்!
LEADER 01246cam a2200337 a 4500
001 007719661-9
005 20024617103528.0
008 860512s1984 ch a b 000 0 chi d
020 |c NT410.00 
035 0 |a ocm14945903 
040 |a IU  |c IU  |d NcU  |d *YNH*  |d CStRLIN 
100 1 |6 880-01  |a Wang, Zhen'gu. 
245 1 0 |6 880-02  |a Tu shu guan xue lun cong /  |c Wang Zhen'gu zhu. 
250 |6 880-03  |a Chu ban. 
260 |6 880-04  |a Taibei Shi :  |b Taiwan xue sheng shu ju,  |c Min guo 73 [1984] 
300 |a x, 586 p. :  |b ill. ;  |c 22 cm. 
490 1 |6 880-05  |a Tu shu guan xue yu zi xun ke xue cong shu 
500 |6 880-06  |a "Ben shu zuo zhe zhu zuo nian biao: p. 563-583." 
504 |a Includes bibliographies. 
650 0 |a Library science. 
650 0 |a Library science  |z Taiwan. 
880 1 |6 100-01  |a 王振鵠. 
880 1 0 |6 245-02  |a 圖書館學論叢 /  |c 王振鵠著. 
880 |6 250-03  |a 初版. 
880 |6 260-04  |a 臺北市 :  |b 臺灣學生書局,  |c 民國73 [1984] 
880 1 |6 490-05  |a 圖書館學與資訊科學叢書 
880 |6 500-06  |a "本書作者著作年表: p. 563-583." 
830 0 |6 880-55  |a Tu shu guan xue yu zi xun ke xue cong shu. 
880 0 |6 830-55  |a 圖書館學與資訊科學叢書. 
988 |a 20021127 
906 |0 OCLC